Bjulleteň Junesko dlja bibliotek. Roč.25, č.1-6, 1971
| Médium: | Kniha |
|---|---|
| Jazyk: | neznámy jazyk |
| Vydavateľské údaje: |
Moskva
Kniga
1971
|
MARC
| LEADER | 00000nam a2200000 a 4500 | ||
|---|---|---|---|
| 001 | vtls001402555 | ||
| 003 | SK-MaSNL | ||
| 005 | 20260224201339.0 | ||
| 008 | 210928s1971 xx 0 und | ||
| 035 | |a SNK000357096 | ||
| 040 | |a SNK |b slo |c SNK |e AACR2 | ||
| 245 | 1 | |a Bjulleteň Junesko dlja bibliotek. Roč.25, č.1-6, 1971 | |
| 260 | |a Moskva |b Kniga |c 1971 | ||
| 958 | |a OND | ||
| 999 | |c 1154513 |d 1156443 | ||
| 952 | |a SNK |b SNK |y PREZ |7 0 |p 17A0262131 |o snkČC 1578/25/1971 |0 0 |1 1 |4 0 |d 2000-12-08 |l 0 |r 2005-01-02 00:00:00 |w 2026-02-24 | ||


